[Event "Niedersachsen-ch U16"]
[Site "Rotenburg"]
[Date "2008.03.17"]
[Round "4"]
[White "Gersch, Andre"]
[Black "Hilgendorff, Ian"]
[Result "1-0"]
[WhiteElo "1825"]
[BlackElo "1809"]
[PlyCount "31"]
[EventDate "2008.03.15"]
[EventType "swiss"]
[EventRounds "9"]
[EventCountry "GER"]
[SourceTitle "EXT 2009"]
[Source "ChessBase"]
[SourceDate "2008.11.26"]
[SourceVersion "1"]
[SourceVersionDate "2008.11.26"]
[SourceQuality "1"]

1. e4 e5 2. Nf3 Nf6 3. Nc3 Nc6 4. Bb5 Bd6 5. 0-0 0-0 6. d3 h6 7. Ne2 Re8 8. Ng3 Bf8 9. Re1 g6 10. c3 a6 11. Ba4 b5 12. Bc2 d5 13. d4 dxe4 14. Nxe4 Bg4 15. dxe5 Qxd1 16. Nxf6+ 1-0

[Event "Niedersachsen-ch U16"]
[Site "Rotenburg"]
[Date "2008.03.16"]
[Round "2"]
[White "Bor, Tobias"]
[Black "Hilgendorff, Ian"]
[Result "1-0"]
[WhiteElo "1921"]
[BlackElo "1809"]
[PlyCount "51"]
[EventDate "2008.03.15"]
[EventType "swiss"]
[EventRounds "9"]
[EventCountry "GER"]
[SourceTitle "EXT 2009"]
[Source "ChessBase"]
[SourceDate "2008.11.26"]
[SourceVersion "1"]
[SourceVersionDate "2008.11.26"]
[SourceQuality "1"]

1. e4 c5 2. Nc3 Nc6 3. Bc4 a6 4. a4 g6 5. f4 d6 6. d3 Be6 7. Bxe6 fxe6 8. Nf3 Bg7 9. 0-0 Qd7 10. f5 Nf6 11. Nh4 gxf5 12. exf5 0-0-0 13. Qe1 Nd4 14. fxe6 Nxe6 15. Nf5 Rhg8 16. Bf4 Bf8 17. Qe2 Nxf4 18. Rxf4 e6 19. Nxd6+ Qxd6 20. Rxf6 Qd4+ 21. Rf2 Re8 22. Qe4 Bh6 23. Re1 Rg6 24. Kf1 Qxe4 25. Nxe4 Kd7 26. Nf6+ 1-0

[Event "Niedersachsen-ch U16"]
[Site "Rotenburg"]
[Date "2008.03.16"]
[Round "3"]
[White "Hilgendorff, Ian"]
[Black "Kessler, Marcel"]
[Result "1/2-1/2"]
[WhiteElo "1809"]
[BlackElo "1770"]
[PlyCount "57"]
[EventDate "2008.03.15"]
[EventType "swiss"]
[EventRounds "9"]
[EventCountry "GER"]
[SourceTitle "EXT 2009"]
[Source "ChessBase"]
[SourceDate "2008.11.26"]
[SourceVersion "1"]
[SourceVersionDate "2008.11.26"]
[SourceQuality "1"]

1. e4 e5 2. Nf3 Nc6 3. Bc4 Bc5 4. c3 Nf6 5. d4 exd4 6. cxd4 Bb4+ 7. Nc3 Bxc3+ 8. bxc3 d5 9. exd5 Nxd5 10. Ba3 Nce7 11. 0-0 c6 12. Qb3 b5 13. Bxd5 Nxd5 14. Rfe1+ Be6 15. Rad1 a5 16. c4 bxc4 17. Qxc4 Ne7 18. Qc3 0-0 19. Bxe7 Qxe7 20. Qxc6 Rfc8 21. Qe4 Qf6 22. Ne5 Bf5 23. Qf3 Ra7 24. d5 Rac7 25. Nc6 g6 26. d6 Rxc6 27. d7 Bxd7 28. Qxf6 Rxf6 29. Rxd7 1/2-1/2

[Event "Niedersachsen-ch"]
[Site "Verden"]
[Date "2008.01.04"]
[Round "3"]
[White "Hilgendorff, Ian"]
[Black "Kyas, Marcel"]
[Result "0-1"]
[WhiteElo "1809"]
[BlackElo "1978"]
[PlyCount "74"]
[EventDate "2008.01.03"]
[EventType "swiss"]
[EventRounds "7"]
[EventCountry "GER"]
[SourceTitle "EXT 2010"]
[Source "ChessBase"]
[SourceDate "2010.11.25"]
[SourceVersion "1"]
[SourceVersionDate "2010.11.25"]
[SourceQuality "1"]

1. e4 c5 2. Nf3 d6 3. d4 cxd4 4. Nxd4 Nf6 5. Nc3 a6 6. Be3 e6 7. f3 b5 8. Qd2 Nbd7 9. g4 Nb6 10. h4 Bb7 11. a3 Rc8 12. g5 Nfd7 13. h5 Ne5 14. 0-0-0 Qc7 15. Ndxb5 axb5 16. Nxb5 Qd8 17. Nxd6+ Bxd6 18. Qxd6 Qxd6 19. Rxd6 Nbc4 20. Bxc4 Nxc4 21. Rd3 Ne5 22. Rb3 Bc6 23. Bd4 Ba4 24. Rc3 Rxc3 25. Bxc3 Nxf3 26. h6 Nxg5 27. Bxg7 Rg8 28. Rh5 Nxe4 29. Rh4 f5 30. Rh3 Kf7 31. Rd3 Kg6 32. Rd4 Bc6 33. Rc4 Ba8 34. Kd1 f4 35. b4 f3 36. Ke1 f2+ 37. Kf1 Nd2+ 0-1

[Event "Niedersachsen-chT U14"]
[Site "Stade"]
[Date "2007.05.19"]
[Round "6.1"]
[White "Carmesin, Matthias"]
[Black "Hilgendorff, Ian"]
[Result "1/2-1/2"]
[WhiteElo "1610"]
[BlackElo "1820"]
[PlyCount "57"]
[EventDate "2007.05.17"]
[EventType "team-tourn"]
[EventRounds "7"]
[EventCountry "GER"]
[SourceTitle "EXT 2008"]
[Source "ChessBase"]
[SourceDate "2007.11.25"]
[SourceVersion "1"]
[SourceVersionDate "2007.11.25"]
[SourceQuality "1"]

1. e4 d5 2. exd5 Qxd5 3. Nc3 Qd6 4. d4 Nf6 5. Nf3 a6 6. g3 Bg4 7. Bg2 Nc6 8. Bf4 Qb4 9. Qd2 0-0-0 10. Ne5 Nxd4 11. Nxf7 Nf3+ 12. Bxf3 Rxd2 13. Bxg4+ Nxg4 14. Bxd2 Rg8 15. h3 Nf6 16. 0-0-0 e6 17. Rhe1 Qe7 18. Ng5 e5 19. Bf4 exf4 20. Rxe7 Bxe7 21. Ne6 fxg3 22. fxg3 Bd6 23. g4 g6 24. Nd5 Nxd5 25. Rxd5 Re8 26. Ng5 Rd8 27. Kd1 Be7 28. Rxd8+ Kxd8 29. Nxh7 1/2-1/2

[Event "Niedersachsen-ch U14"]
[Site "Rotenburg/Wuemme"]
[Date "2007.04.06"]
[Round "9"]
[White "Lebek, Ricarda"]
[Black "Hilgendorff, Ian"]
[Result "1-0"]
[WhiteElo "1778"]
[BlackElo "1626"]
[PlyCount "77"]
[EventDate "2007.03.31"]
[EventType "swiss"]
[EventRounds "9"]
[EventCountry "GER"]
[SourceTitle "EXT 2008"]
[Source "ChessBase"]
[SourceDate "2007.11.25"]
[SourceVersion "1"]
[SourceVersionDate "2007.11.25"]
[SourceQuality "1"]

1. e4 d5 2. exd5 Qxd5 3. Nc3 Qd6 4. Nge2 Nf6 5. d4 Bg4 6. h3 Bh5 7. g4 Bg6 8. Bg2 Nc6 9. a3 a6 10. Bf4 e5 11. dxe5 Nxe5 12. Qxd6 Bxd6 13. Bxe5 Bxe5 14. Bxb7 Rb8 15. Bc6+ Ke7 16. 0-0-0 Rb6 17. Bg2 Rhb8 18. g5 Rxb2 19. gxf6+ Bxf6 20. Rd2 Kf8 21. Bd5 Bh5 22. Bb3 Bxe2 23. Kxb2 Bc4 24. Rd7 Be5 25. Rhd1 Bd6 26. R1xd6 cxd6 27. Rxd6 Ke7 28. Rc6 Be6 29. Rxa6 Bxh3 30. Ra7+ Bd7 31. Ka2 f6 32. a4 Kd8 33. a5 h5 34. Nd5 Be6 35. Rxg7 Rxb3 36. cxb3 Bxd5 37. Rh7 Bf3 38. a6 Kc8 39. Rh8+ 1-0

[Event "Niedersachsen-ch U14"]
[Site "Rotenburg/Wuemme"]
[Date "2007.04.04"]
[Round "6"]
[White "Dorn, Carina"]
[Black "Hilgendorff, Ian"]
[Result "1/2-1/2"]
[WhiteElo "1749"]
[BlackElo "1626"]
[PlyCount "106"]
[EventDate "2007.03.31"]
[EventType "swiss"]
[EventRounds "9"]
[EventCountry "GER"]
[SourceTitle "EXT 2008"]
[Source "ChessBase"]
[SourceDate "2007.11.25"]
[SourceVersion "1"]
[SourceVersionDate "2007.11.25"]
[SourceQuality "1"]

1. d4 Nf6 2. c4 c5 3. d5 e6 4. Nc3 exd5 5. cxd5 d6 6. Nf3 g6 7. Bf4 a6 8. e4 Bg7 9. Qa4+ Bd7 10. Qb3 Qc7 11. Nd2 Nh5 12. Be3 0-0 13. Be2 Nf6 14. Bf4 Ne8 15. 0-0 f5 16. exf5 Bxf5 17. Bg3 Nd7 18. Rae1 Ne5 19. Nce4 b5 20. f4 Nd7 21. Ng5 c4 22. Qa3 Qc5+ 23. Qxc5 Nxc5 24. b4 Nd3 25. Bxd3 Bxd3 26. Ne6 Bxf1 27. Nxf8 Bd3 28. Ne6 Bc3 29. Rd1 Be2 30. Re1 Bxd2 31. Rxe2 c3 32. Be1 Bxe1 33. Rxe1 Rc8 34. Nd4 Kf7 35. Nc6 c2 36. Rc1 Kg7 37. Rxc2 Nf6 38. Nd4 Rc4 39. Ne6+ Kg8 40. Rxc4 bxc4 41. Kf1 Nxd5 42. a3 Ne3+ 43. Kf2 Nc2 44. Nc7 Nxa3 45. Nxa6 Nb5 46. Nb8 Kf7 47. Nd7 Ke7 48. Nb6 c3 49. Ke2 Ke6 50. Kd3 d5 51. Na4 d4 52. Nc5+ Kd5 53. Nb3 h5 1/2-1/2

[Event "Niedersachsen-ch U14"]
[Site "Rotenburg/Wuemme"]
[Date "2007.04.01"]
[Round "3"]
[White "Guennigmann, Manuel"]
[Black "Hilgendorff, Ian"]
[Result "1-0"]
[WhiteElo "1967"]
[BlackElo "1626"]
[PlyCount "82"]
[EventDate "2007.03.31"]
[EventType "swiss"]
[EventRounds "9"]
[EventCountry "GER"]
[SourceTitle "EXT 2008"]
[Source "ChessBase"]
[SourceDate "2007.11.25"]
[SourceVersion "1"]
[SourceVersionDate "2007.11.25"]
[SourceQuality "1"]

1. Nf3 Nf6 2. g3 g6 3. b3 c5 4. Bb2 Bg7 5. c4 0-0 6. Bg2 d6 7. 0-0 Nc6 8. d4 Bf5 9. d5 Nb4 10. Nbd2 Rb8 11. a3 Na6 12. Nh4 Bg4 13. h3 Bd7 14. e4 Qc8 15. g4 h5 16. f3 Nc7 17. Rb1 Qd8 18. g5 Nh7 19. Bxg7 Kxg7 20. f4 e6 21. Nhf3 Qe7 22. Qc2 Ne8 23. Qc3+ f6 24. e5 dxe5 25. gxf6+ Nhxf6 26. fxe5 Nh7 27. Ne4 Kg8 28. d6 Qd8 29. Nxc5 b6 30. Nxd7 Qxd7 31. Nd4 Rc8 32. Rxf8+ Kxf8 33. Rf1+ Kg7 34. Qg3 Nf8 35. Qf3 Nh7 36. Qg3 Nf8 37. Be4 a6 38. Kh1 Rc5 39. Kh2 Rc8 40. Bf3 Qf7 41. Rf2 Qa7 1-0

[Event "Niedersachsen-chT U14"]
[Site "Lingen"]
[Date "2005.05.05"]
[Round "1.3"]
[White "Szczepanski, Kamil"]
[Black "Hilgendorff, Ian"]
[Result "1-0"]
[WhiteElo "869"]
[BlackElo "1243"]
[PlyCount "109"]
[EventDate "2005.05.05"]
[EventType "team-swiss"]
[EventRounds "5"]
[EventCountry "GER"]
[SourceTitle "EXT 2007"]
[Source "ChessBase"]
[SourceDate "2006.11.23"]
[SourceVersion "1"]
[SourceVersionDate "2006.11.23"]
[SourceQuality "1"]

1. e4 d5 2. exd5 Qxd5 3. Nc3 Qa5 4. Bc4 Nf6 5. Nf3 Bg4 6. h3 Bh5 7. 0-0 Nbd7 8. d4 0-0-0 9. Bd2 Bxf3 10. Qxf3 Qh5 11. Qe3 e6 12. Be2 Qa5 13. Rfb1 c6 14. a3 Nd5 15. Nxd5 Qxd5 16. b4 Nb6 17. Qd3 Qxd4 18. Qxd4 Rxd4 19. Be3 Re4 20. Bd3 Re5 21. a4 Be7 22. Bf4 Rd5 23. a5 Nd7 24. b5 cxb5 25. Bxb5 Bf6 26. Ra4 e5 27. Rc4+ Kd8 28. Be3 a6 29. Bxd7 Rxd7 30. Rcb4 Kc7 31. Rxb7+ Kd6 32. Rd1+ Ke6 33. Rdxd7 Rc8 34. Rdc7 Rd8 35. Rb6+ Kf5 36. Rxa6 e4 37. Raa7 Rd1+ 38. Kh2 Be5+ 39. g3 Bxc7 40. Rxc7 Ke6 41. a6 Rd8 42. a7 Ra8 43. Rb7 Kf6 44. Rb8 Rxa7 45. Bxa7 g6 46. Rd8 Ke7 47. Rd4 f5 48. c4 Ke6 49. c5 Ke5 50. c6 f4 51. gxf4+ Kxf4 52. c7 Kf3 53. c8Q Kxf2 54. Rxe4+ Kf3 55. Qg4# 1-0

[Event "Niedersachsen-ch U12"]
[Site "Rotenburg/Wuemme"]
[Date "2005.03.24"]
[Round "8"]
[White "Hilgendorff, Ian"]
[Black "Guennigmann, Manuel"]
[Result "0-1"]
[WhiteElo "1207"]
[BlackElo "1647"]
[PlyCount "46"]
[EventDate "2005.03.19"]
[EventType "swiss"]
[EventRounds "9"]
[EventCountry "GER"]
[SourceTitle "EXT 2007"]
[Source "ChessBase"]
[SourceDate "2006.11.23"]
[SourceVersion "1"]
[SourceVersionDate "2006.11.23"]
[SourceQuality "1"]

1. d4 Nf6 2. Bg5 Ne4 3. Bf4 d5 4. f3 Nf6 5. Qd2 e6 6. Nc3 Be7 7. 0-0-0 0-0 8. g4 c5 9. h4 cxd4 10. Qxd4 Nc6 11. Qd2 Qa5 12. e3 e5 13. Bg5 d4 14. exd4 exd4 15. Nb1 Qxa2 16. Bxf6 Bxf6 17. g5 Be7 18. h5 Bf5 19. Bh3 Bxh3 20. Rxh3 Rac8 21. Rh2 Qa5 22. Qxa5 Nxa5 23. g6 Nb3# 0-1